The Technology of food preservation (Record no. 421319)

MARC details
000 -LEADER
fixed length control field 00393nam a2200169Ia 4500
008 - FIXED-LENGTH DATA ELEMENTS--GENERAL INFORMATION
fixed length control field 230606s2004 xx 000 0 und d
041 ## - LANGUAGE CODE
Language code of text/sound track or separate title eng
100 ## - MAIN ENTRY--PERSONAL NAME
Personal name Desrosier w/Desresier N
245 ## - TITLE STATEMENT
Title The Technology of food preservation
260 ## - PUBLICATION, DISTRIBUTION, ETC.
Name of publisher, distributor, etc. CBS Pub.& Dist
Date of publication, distribution, etc. 2004
300 ## - PHYSICAL DESCRIPTION
Extent 228p
365 ## - TRADE PRICE
Tax rate 1 10
500 ## - GENERAL NOTE
General note 2304
520 ## - SUMMARY, ETC.
Summary, etc. General
520 ## - SUMMARY, ETC.
Summary, etc. Hard Board
650 ## - SUBJECT ADDED ENTRY--TOPICAL TERM
Topical term or geographic name entry element F. P.

No items available.